La conciliazione famiglia-lavoro (Record n. 360095)

Dettagli MARC
000 -LEADER
campo di controllo lung. fissa 00488nam a22002057a 4500
003 - Identificatore del numero di controllo
campo di controllo IT-MiCISF
005 - Data e orario dell'ultima transazione
campo di controllo 20240530124345.0
008 - Elementi di lunghezza fissa--Informazione generale
campo di controllo lung. fissa 240530b |||||||| |||| 00| 0 eng d
040 ## - Fonte della catalogazione
Agenzia che fa la trascrizione IT-MiCISF
041 ## - Codice di lingua
Codice di lingua del testo/traccia sonora o titolo separato it
100 ## - Accesso principale -- nome di persona
Nome di persona Rossi Giovanna
9 (RLIN) 59725
245 ## - Formulazione del titolo
Titolo La conciliazione famiglia-lavoro
250 ## - Formulazione di edizione
Formulazione di edizione "Atlantide", n. 22
260 ## - Pubblicazione, distribuzione, ecc. (stampa)
Data di pubblicazione, distribuzione, ecc. 2011
300 ## - Descrizione fisica
Estensione pp. 53-59
500 ## - Nota generale
Nota generale famiglia, lavoro, sociologia
650 ## - Accesso aggiunto di soggetto--termine topico
Termine topico o nome geografico come accesso lavoro
654 ## - Accesso aggiunto di soggetto--termini topici faccettati
Termine principale articolo
942 ## - Dati aggiuntivi (Koha)
Fonte della classificazione o dello schema di collocazione (segnatura) Dewey Decimal Classification
Dati di copia
Ritirato (status) Perso (status) Fonte della classificazione o dello schema di collocazione (segnatura) Danneggiato (status) Non per il presito Biblioteca proprietaria Biblioteca in cui si trova Data d'acquisizione Totale prestiti Collocazione Data ultima operazione Prezzo in vigore dal
    Dewey Decimal Classification Buone Condizioni Not For Loan CISF - Milano CISF - Milano 30/05/2024   DD41 30/05/2024 30/05/2024
CREDITS: SOCIETA' SAN PAOLO Via A.Severo, 58 - ROMA (RM) & PERIODICI SAN PAOLO SRL Via Giotto, 36 MILANO & CISF Via Giotto, 36 MILANO & EDIZIONI SAN PAOLO SRL,  Piazza Soncino, 5 CINISELLO BALSAMO (MI) -- ITALY